[Event "Bolzano op 14th"]
[Site "Bolzano"]
[Date "1999.06.17"]
[Round "7"]
[White "Farago, Ivan"]
[Black "Kogan, Artur"]
[Result "1-0"]
[WhiteElo "2533"]
[BlackElo "2507"]
[PlyCount "69"]
[EventDate "1999.06.12"]
[Source "ChessBase"]
[SourceDate "1999.11.18"]

1. d4 Nf6 2. c4 c5 3. d5 b5 4. cxb5 a6 5. e3 axb5 6. Bxb5 Qa5+ 7. Nc3 Bb7 8.
Nge2 Nxd5 9. O-O Nxc3 10. Nxc3 Nc6 11. e4 Nd4 12. Bc4 g6 13. Nd5 Bg7 14. b4
cxb4 15. Bb2 Nf3+ 16. Qxf3 Bxb2 17. Rab1 Bd4 18. Rfd1 Qc5 19. Rbc1 e6 20. Nf6+
Bxf6 21. Qxf6 O-O 22. Rxd7 Ba6 23. h4 Rac8 24. Bxe6 Qxc1+ 25. Kh2 Qc7+ 26. Rxc7
Rxc7 27. Bd5 Be2 28. h5 Bxh5 29. g4 Bxg4 30. Qf4 Rc2 31. Qxg4 Rxf2+ 32. Kg3 Rf6
33. Qg5 Rb6 34. Qe7 h6 35. Bxf7+ 1-0

[Event "Bozen op"]
[Site "Bozen"]
[Date "1998.06.13"]
[Round "1"]
[White "Astengo, Marcello"]
[Black "Zaja, Ivan"]
[Result "0-1"]
[WhiteElo "2075"]
[BlackElo "2450"]
[PlyCount "36"]
[EventDate "1998.06.13"]
[Source "ChessBase"]
[SourceDate "1999.11.18"]

1. d4 Nf6 2. c4 c6 3. Nc3 d5 4. Bf4 dxc4 5. e3 Be6 6. Nf3 Nd5 7. Be2 Nxf4 8.
exf4 g6 9. O-O Bg7 10. Re1 O-O 11. Bf1 Bd5 12. f5 gxf5 13. Ng5 e6 14. Nxd5 cxd5
15. Qh5 h6 16. Nxe6 fxe6 17. Rxe6 Nc6 18. Rae1 Qg5 0-1

[Event "Bozen op"]
[Site "Bozen"]
[Date "1998.06.13"]
[Round "1"]
[White "Crea, Vincenzo"]
[Black "Skembris, Spyridon"]
[Result "0-1"]
[WhiteElo "2120"]
[BlackElo "2490"]
[PlyCount "102"]
[EventDate "1998.06.13"]
[Source "ChessBase"]
[SourceDate "1999.11.18"]

1. d4 Nf6 2. Nf3 b6 3. Bf4 Bb7 4. e3 d6 5. Nbd2 Nbd7 6. h3 g6 7. Be2 Bg7 8. c3
O-O 9. O-O Qe8 10. Nc4 Ne4 11. a4 e5 12. Bh2 a5 13. Na3 Qe7 14. Nb5 Rac8 15. c4
f5 16. Nc3 Nxc3 17. bxc3 Rce8 18. Ra2 Kh8 19. Ne1 Qf7 20. Rb2 Ba6 21. d5 e4 22.
Nc2 Bxc3 23. Rb3 Bg7 24. Nd4 Nc5 25. Ra3 Bc8 26. Nb3 Na6 27. Nd4 Bd7 28. Qd2
Nc5 29. Bd1 Re7 30. Bc2 Qe8 31. Nb5 Bxb5 32. cxb5 g5 33. f4 exf3 34. Rxf3 Ne4
35. Bxe4 Rxe4 36. Bg3 Rc4 37. Qd3 Rc1+ 38. Kh2 Qg6 39. Qd2 Rc4 40. Qd3 Rc5 41.
Rf1 Kg8 42. Kg1 Qf7 43. Rd1 Re8 44. Qd2 Re4 45. Be1 Be5 46. Qd3 Rcc4 47. Bc3
Qf6 48. Rc1 f4 49. Bd2 Rxc1+ 50. Bxc1 fxe3 51. Qe2 Qf4 0-1

[Event "Bozen op"]
[Site "Bozen"]
[Date "1998.06.13"]
[Round "1"]
[White "Dinser, Hans"]
[Black "Zlochevskij, Alexander"]
[Result "0-1"]
[WhiteElo "2045"]
[BlackElo "2435"]
[PlyCount "100"]
[EventDate "1998.06.13"]
[Source "ChessBase"]
[SourceDate "1999.11.18"]

1. d4 Nf6 2. c4 c5 3. d5 b5 4. cxb5 a6 5. bxa6 g6 6. Nc3 Bxa6 7. f4 Qa5 8. Nf3
Bg7 9. Bd2 d6 10. e4 Bxf1 11. Rxf1 O-O 12. e5 Nfd7 13. Qe2 Qa6 14. Rf2 Nb6 15.
a4 Qxe2+ 16. Rxe2 Na6 17. Be3 Nb4 18. a5 Nc4 19. Bc1 Rfb8 20. Kf1 Nxa5 21. g3
Nd3 22. exd6 exd6 23. Ne4 Nb3 24. Rxa8 Rxa8 25. Be3 Rd8 26. Nc3 Rb8 27. Ne4 Rb6
28. Nc3 Nxb2 29. Rxb2 Bxc3 30. Rc2 Bg7 31. Ke2 Ra6 32. Nd2 Nxd2 33. Bxd2 Ra4
34. Be3 Bd4 35. Bd2 h5 36. Bc1 Bf6 37. Be3 Bd4 38. Bc1 Bf6 39. Be3 Ra1 40. Kf2
Ra4 41. Ke2 Kg7 42. Bc1 Rd4 43. Rd2 Rc4 44. Rd1 Rc2+ 45. Bd2 Bc3 46. Kd3 Rxd2+
47. Rxd2 Bxd2 48. Kxd2 Kf6 49. Kc3 Kf5 50. h3 h4 0-1

[Event "Bozen op"]
[Site "Bozen"]
[Date "1998.06.13"]
[Round "1"]
[White "Farago, Ivan"]
[Black "Ruzzier, Dario"]
[Result "1-0"]
[WhiteElo "2475"]
[BlackElo "2095"]
[PlyCount "65"]
[EventDate "1998.06.13"]
[Source "ChessBase"]
[SourceDate "1999.11.18"]

1. d4 d5 2. c4 e6 3. Nf3 c5 4. cxd5 exd5 5. g3 Nc6 6. Bg2 Nf6 7. O-O Be7 8. Nc3
O-O 9. Bg5 cxd4 10. Nxd4 h6 11. Be3 Re8 12. Qb3 Na5 13. Qc2 Nc4 14. Bc1 Bg4 15.
b3 Ne5 16. Bf4 Bb4 17. a3 Bf8 18. Rfd1 Rc8 19. Qb2 Qa5 20. Bd2 Qa6 21. h3 Bc5
22. Bxh6 gxh6 23. hxg4 Nexg4 24. b4 Bb6 25. b5 Qa5 26. Nxd5 Nxd5 27. Bxd5 Qc3
28. Qxc3 Rxc3 29. e3 Rcxe3 30. fxe3 Nxe3 31. Kh2 Nxd5 32. Nf5 Re5 33. Rxd5 1-0

[Event "Bozen op"]
[Site "Bozen"]
[Date "1998.06.13"]
[Round "1"]
[White "Hamdouchi, Hichem"]
[Black "De Eccher, Stefano"]
[Result "1-0"]
[WhiteElo "2535"]
[BlackElo "2265"]
[PlyCount "71"]
[EventDate "1998.06.13"]
[Source "ChessBase"]
[SourceDate "1999.11.18"]

1. e4 c5 2. Nc3 Nc6 3. g3 g6 4. Bg2 Bg7 5. d3 e6 6. Be3 d6 7. Qd2 Nge7 8. Bh6
O-O 9. h4 Bxh6 10. Qxh6 f6 11. Nge2 Nd4 12. Qd2 e5 13. f4 Bg4 14. Nxd4 cxd4 15.
Nd1 Bxd1 16. Rxd1 Rc8 17. h5 Qb6 18. Bh3 f5 19. hxg6 Qxb2 20. gxh7+ Kh8 21. Rc1
fxe4 22. dxe4 Rc3 23. O-O Rxg3+ 24. Bg2 Qc3 25. Qxc3 Rxc3 26. fxe5 Rxf1+ 27.
Rxf1 dxe5 28. Rf8+ Kxh7 29. Rf7+ Kg6 30. Rxe7 Rxc2 31. Rxe5 d3 32. Rd5 d2 33.
Bf3 Rxa2 34. Kf1 Ra3 35. Ke2 b5 36. Bh5+ 1-0

[Event "Bozen op"]
[Site "Bozen"]
[Date "1998.06.13"]
[Round "1"]
[White "Jurkovic, Ante"]
[Black "Lugovoi, Aleksei"]
[Result "1-0"]
[WhiteElo "2320"]
[BlackElo "2540"]
[PlyCount "93"]
[EventDate "1998.06.13"]
[Source "ChessBase"]
[SourceDate "1999.11.18"]

1. e4 c5 2. Nf3 d6 3. d4 cxd4 4. Nxd4 Nf6 5. Nc3 Nc6 6. Be3 Ng4 7. Bb5 Nxe3 8.
fxe3 Bd7 9. O-O e6 10. Bxc6 bxc6 11. e5 Be7 12. Qh5 O-O 13. exd6 Bxd6 14. Ne4
Be7 15. Rad1 Qc7 16. Ng5 Bxg5 17. Qxg5 c5 18. Nb3 Bb5 19. Rf2 Rac8 20. Rfd2 a5
21. Nc1 h6 22. Qf4 Qb6 23. c4 Ba4 24. b3 Bc6 25. Nd3 a4 26. Ne5 axb3 27. axb3
Qxb3 28. Rf1 Qb7 29. h4 Rc7 30. h5 Be4 31. Rfd1 Bc6 32. Rf2 Re8 33. Rd6 f6 34.
Ng6 Be4 35. Kh2 Kh7 36. Qg3 Rc6 37. Rd1 e5 38. Rfd2 Rc7 39. Rd8 Rxd8 40. Rxd8
Rc8 41. Nf8+ Kh8 42. Ng6+ Kh7 43. Nf8+ Kh8 44. Rd7 Qxd7 45. Nxd7 Bf5 46. Nb6
Rb8 47. Qf3 1-0

[Event "Bozen op"]
[Site "Bozen"]
[Date "1998.06.13"]
[Round "1"]
[White "Komarov, Dimitri"]
[Black "Rossi, Carlo"]
[Result "1-0"]
[WhiteElo "2580"]
[BlackElo "2330"]
[PlyCount "119"]
[EventDate "1998.06.13"]
[Source "ChessBase"]
[SourceDate "1999.11.18"]

1. d4 Nf6 2. Nf3 e6 3. c4 Bb4+ 4. Bd2 Qe7 5. g3 Nc6 6. Nc3 Bxc3 7. Bxc3 Ne4 8.
Rc1 Nxc3 9. Rxc3 a5 10. Bg2 O-O 11. O-O d6 12. d5 Nb4 13. a3 Na6 14. dxe6 fxe6
15. Nd2 Rb8 16. Re3 b5 17. Qc2 Nc5 18. Ne4 Nxe4 19. Bxe4 g6 20. cxb5 Rxb5 21.
Bc6 Rb6 22. b3 Qf6 23. Rf3 Qe5 24. Rxf8+ Kxf8 25. Bf3 c5 26. Qd2 Ra6 27. Rc1
Kg7 28. Kg2 Bd7 29. b4 axb4 30. axb4 Ra7 31. bxc5 dxc5 32. Rc4 Be8 33. Re4 Qf6
34. Qd6 Re7 35. Rf4 Rd7 36. Qxc5 Qe7 37. Qe5+ Kg8 38. Rf6 Bf7 39. h4 Rd6 40.
Rf4 Rd8 41. Rc4 Rd1 42. Rc7 Rd7 43. Rc6 Rd8 44. Kh2 Qa7 45. Rc5 Qb6 46. Qe3 Qb4
47. h5 Qd4 48. Qxd4 Rxd4 49. h6 Rd8 50. g4 Kf8 51. Kg3 Ke7 52. Kf4 Kf6 53. g5+
Ke7 54. Rc7+ Rd7 55. Rxd7+ Kxd7 56. Ke5 Ke7 57. Bc6 Bg8 58. Ba4 Bf7 59. f4 Bg8
60. Bb3 1-0

[Event "Bozen op"]
[Site "Bozen"]
[Date "1998.06.13"]
[Round "1"]
[White "Luciani, Valerio"]
[Black "Efimov, Igor"]
[Result "0-1"]
[WhiteElo "2525"]
[BlackElo "2220"]
[PlyCount "70"]
[EventDate "1998.06.13"]
[Source "ChessBase"]
[SourceDate "1999.11.18"]

1. e4 c5 2. Nc3 Nc6 3. g3 e6 4. Bg2 Nf6 5. Nge2 a6 6. d4 cxd4 7. Nxd4 Bb4 8.
O-O Bxc3 9. bxc3 Qc7 10. f4 Ne7 11. Qe1 d5 12. e5 Ne4 13. Bxe4 dxe4 14. Ba3 Nd5
15. Bd6 Qxc3 16. Qxe4 Bd7 17. Rae1 Rc8 18. f5 Rc4 19. fxe6 Bxe6 20. Nxe6 fxe6
21. Qe2 h5 22. Rf2 h4 23. Qf1 Kd7 24. Rf7+ Kc6 25. Rxg7 hxg3 26. Rxg3 Qd4+ 27.
Kh1 b5 28. Qg2 Kb6 29. Rd3 Qh4 30. Qg1+ Kc6 31. Rd2 Rg8 32. Qf1 Rf4 33. Qe2 Nc3
34. Qe3 Ne4 35. Ree2 Rf1+ 0-1

[Event "Bozen op"]
[Site "Bozen"]
[Date "1998.06.13"]
[Round "1"]
[White "Mitkov, Nikola"]
[Black "Bernardi, Ruben"]
[Result "1-0"]
[WhiteElo "2500"]
[BlackElo "2170"]
[PlyCount "46"]
[EventDate "1998.06.13"]
[Source "ChessBase"]
[SourceDate "1999.11.18"]

1. e4 e6 2. Nc3 d5 3. d4 Bb4 4. e5 Ne7 5. a3 Bxc3+ 6. bxc3 c5 7. Qg4 Qc7 8.
Qxg7 Rg8 9. Qxh7 cxd4 10. Ne2 Nbc6 11. f4 Bd7 12. Qd3 dxc3 13. Rb1 O-O-O 14.
Nxc3 a6 15. Qxa6 Nb8 16. Qd3 d4 17. Ne4 Nf5 18. g3 Ba4 19. Rb2 Ne7 20. Be3 dxe3
21. Qxe3 Bxc2 22. Bg2 Rd3 23. Nd6+ Rxd6 1-0

[Event "Bozen op"]
[Site "Bozen"]
[Date "1998.06.13"]
[Round "1"]
[White "Naumkin, Igor"]
[Black "Dallaglio, Giovanni"]
[Result "1-0"]
[WhiteElo "2435"]
[BlackElo "2055"]
[PlyCount "39"]
[EventDate "1998.06.13"]
[Source "ChessBase"]
[SourceDate "1999.11.18"]

1. d4 d5 2. c4 dxc4 3. Nf3 Nf6 4. e3 e6 5. Bxc4 c5 6. O-O cxd4 7. exd4 Be7 8.
Nc3 O-O 9. Bg5 Nc6 10. a3 b6 11. Qd3 Na5 12. Ba2 Bb7 13. Rad1 Rc8 14. Rfe1 Re8
15. Ne5 g6 16. Qh3 h5 17. Nxf7 Kxf7 18. Qxe6+ Kg7 19. Qf7+ Kh8 20. Rxe7 1-0

[Event "Bozen op"]
[Site "Bozen"]
[Date "1998.06.13"]
[Round "1"]
[White "Timoshchenko, Gennadi A"]
[Black "Jaenig, Reinhard"]
[Result "1-0"]
[WhiteElo "2520"]
[BlackElo "2215"]
[PlyCount "63"]
[EventDate "1998.06.13"]
[Source "ChessBase"]
[SourceDate "1999.11.18"]

1. c4 c5 2. Nf3 Nf6 3. Nc3 d5 4. cxd5 Nxd5 5. d4 cxd4 6. Qxd4 Nxc3 7. Qxc3 Nc6
8. e4 Bd7 9. Bb5 a6 10. Ba4 e6 11. O-O Rc8 12. Rd1 b5 13. Bb3 Na5 14. Qd3 Nc4
15. Bxc4 bxc4 16. Qc3 f6 17. Be3 Be7 18. Nd2 Qc7 19. Rac1 Bb5 20. Nxc4 Bxc4 21.
Rd4 Qe5 22. Rxc4 Rxc4 23. Qxc4 Kf7 24. b4 Bd6 25. g3 Qb2 26. Bc5 Rc8 27. Rd1
Bxc5 28. bxc5 Kg6 29. c6 Qb6 30. Rd6 e5 31. Kg2 Rc7 32. Rd7 1-0

[Event "Bozen op"]
[Site "Bozen"]
[Date "1998.06.13"]
[Round "1"]
[White "Trabert, Bettina"]
[Black "Godena, Michele"]
[Result "0-1"]
[WhiteElo "2200"]
[BlackElo "2500"]
[PlyCount "98"]
[EventDate "1998.06.13"]
[Source "ChessBase"]
[SourceDate "1999.11.18"]

1. e4 c5 2. c3 d6 3. d4 Nf6 4. Bd3 e5 5. dxe5 dxe5 6. Nf3 Nc6 7. O-O Be7 8. Qe2
O-O 9. Rd1 Qc7 10. Be3 a6 11. a4 Na5 12. Nbd2 Be6 13. Nc4 Bxc4 14. Bxc4 Nxe4
15. Rd5 Nc6 16. Nxe5 Nf6 17. Nxc6 Nxd5 18. Bxd5 bxc6 19. Bc4 a5 20. g3 Rae8 21.
Qf3 Rb8 22. b3 Rbd8 23. Re1 Qe5 24. Rc1 Bg5 25. Bxg5 Qxg5 26. Re1 Qd2 27. Re7
Qd1+ 28. Kg2 Qxf3+ 29. Kxf3 g6 30. g4 h6 31. h4 Kg7 32. g5 hxg5 33. hxg5 Rd2
34. Rc7 Rc2 35. Rxc6 f6 36. Rc7+ Kh8 37. gxf6 Rxf6+ 38. Kg4 Rxc3 39. Rxc5 Rxf2
40. Rxa5 Kg7 41. Ra7+ Kh6 42. Ra6 Rcf3 43. a5 Rf5 44. Ra8 Rg5+ 45. Kh3 Rfg2 46.
Rh8+ Kg7 47. Rg8+ Kh7 48. a6 R5g3+ 49. Kh4 g5+ 0-1

[Event "Bozen op"]
[Site "Bozen"]
[Date "1998.06.14"]
[Round "2"]
[White "Belotti, Bruno"]
[Black "Hamdouchi, Hichem"]
[Result "0-1"]
[WhiteElo "2420"]
[BlackElo "2535"]
[PlyCount "78"]
[EventDate "1998.06.13"]
[Source "ChessBase"]
[SourceDate "1999.11.18"]

1. e4 c5 2. Nf3 d6 3. d4 cxd4 4. Nxd4 Nf6 5. Nc3 Nc6 6. Be2 g6 7. Nb3 Bg7 8.
O-O O-O 9. Bg5 Be6 10. Kh1 Qc8 11. f4 Rd8 12. Bf3 a5 13. Nd5 Rb8 14. a4 Kf8 15.
Qe2 b6 16. c3 Nd7 17. Rad1 Re8 18. Qc4 f6 19. Bh4 Bf7 20. Nd4 Nxd4 21. Qxd4 Qc5
22. Qd3 Rec8 23. Bg4 Qc6 24. Qh3 Rd8 25. Bf2 f5 26. Bf3 e6 27. Ne7 Kxe7 28.
exf5 d5 29. fxe6 Bxe6 30. Rfe1 Nf8 31. Bh4+ Bf6 32. Bxf6+ Kxf6 33. Qh4+ Kf7 34.
f5 gxf5 35. Bh5+ Ng6 36. Bxg6+ hxg6 37. Qh7+ Kf6 38. Qh4+ Kg7 39. Qe7+ Bf7 0-1

[Event "Bozen op"]
[Site "Bozen"]
[Date "1998.06.14"]
[Round "2"]
[White "De Eccher, Stefano"]
[Black "Dinser, Hans"]
[Result "1-0"]
[WhiteElo "2265"]
[BlackElo "2045"]
[PlyCount "35"]
[EventDate "1998.06.13"]
[Source "ChessBase"]
[SourceDate "1999.11.18"]

1. e4 c5 2. Nf3 Nc6 3. d4 cxd4 4. Nxd4 Nf6 5. Nc3 g6 6. Nxc6 bxc6 7. e5 Nh5 8.
Bc4 e6 9. O-O f5 10. Be3 Qh4 11. f4 Qd8 12. Qd2 Ng7 13. Qf2 Qc7 14. Rad1 d5 15.
exd6 Bxd6 16. Bd4 O-O 17. Bxg7 Rf7 18. Bd4 1-0

[Event "Bozen op"]
[Site "Bozen"]
[Date "1998.06.14"]
[Round "2"]
[White "Godena, Michele"]
[Black "Hillarp Persson, Tiger"]
[Result "1/2-1/2"]
[WhiteElo "2500"]
[BlackElo "2410"]
[PlyCount "50"]
[EventDate "1998.06.13"]
[Source "ChessBase"]
[SourceDate "1999.11.18"]

1. e4 g6 2. d4 Bg7 3. Nf3 d6 4. c3 Nf6 5. Bd3 O-O 6. O-O Nc6 7. h3 e5 8. Re1 h6
9. Na3 Nd7 10. Bb5 Ne7 11. dxe5 dxe5 12. Be3 a6 13. Bf1 Kh7 14. Qd2 Ng8 15.
Rad1 Qe7 16. Qd5 Ngf6 17. Qc4 c5 18. b4 cxb4 19. Qxb4 Qxb4 20. cxb4 b5 21. Nd2
Re8 22. f3 Bf8 23. Nc2 Rb8 24. Nb3 Nb6 25. Bc5 Na4 1/2-1/2

[Event "Bozen op"]
[Site "Bozen"]
[Date "1998.06.14"]
[Round "2"]
[White "Manca, Federico"]
[Black "Mitkov, Nikola"]
[Result "1-0"]
[WhiteElo "2375"]
[BlackElo "2500"]
[PlyCount "51"]
[EventDate "1998.06.13"]
[Source "ChessBase"]
[SourceDate "1999.11.18"]

1. e4 e5 2. Nf3 Nc6 3. Bb5 Nf6 4. O-O Nxe4 5. Re1 Nd6 6. Nxe5 Be7 7. Bd3 Nxe5
8. Rxe5 O-O 9. Nc3 f5 10. b3 Bf6 11. Re3 b6 12. Ba3 c5 13. Nd5 Bb7 14. Nxf6+
Qxf6 15. Rb1 f4 16. Rh3 g6 17. Qg4 Nf7 18. Bb2 Qg5 19. Rh4 Rae8 20. Qxg5 Nxg5
21. Rg4 Ne4 22. f3 Nxd2 23. Rd1 c4 24. Bxg6 Nxf3+ 25. gxf3 hxg6 26. Rxg6+ 1-0

[Event "Bozen op"]
[Site "Bozen"]
[Date "1998.06.14"]
[Round "2"]
[White "Skembris, Spyridon"]
[Black "Mrdja, Milan"]
[Result "1/2-1/2"]
[WhiteElo "2490"]
[BlackElo "2380"]
[PlyCount "75"]
[EventDate "1998.06.13"]
[Source "ChessBase"]
[SourceDate "1999.11.18"]

1. d4 Nf6 2. c4 g6 3. Nc3 d5 4. cxd5 Nxd5 5. Bd2 Bg7 6. e4 Nxc3 7. Bxc3 O-O 8.
Rc1 c6 9. h3 a5 10. Nf3 Na6 11. Qd2 b6 12. Be2 Bb7 13. O-O e6 14. Rfd1 Qe7 15.
a3 Rfd8 16. Qe3 Rac8 17. Ne5 c5 18. Bxa6 Bxa6 19. d5 exd5 20. exd5 f6 21. Nc6
Qxe3 22. fxe3 Rd7 23. b4 axb4 24. axb4 Bb7 25. bxc5 Bxc6 26. dxc6 Rxd1+ 27.
Rxd1 Rxc6 28. Rd8+ Kf7 29. Rd7+ Kg8 30. cxb6 Rxb6 31. Kf2 Re6 32. g4 Bf8 33.
Kf3 Be7 34. Ke2 Kf8 35. Rb7 Ke8 36. h4 Ra6 37. g5 fxg5 38. hxg5 1/2-1/2

[Event "Bozen op"]
[Site "Bozen"]
[Date "1998.06.14"]
[Round "2"]
[White "Timoshchenko, Gennadi A"]
[Black "Horvath, Tamas"]
[Result "1/2-1/2"]
[WhiteElo "2520"]
[BlackElo "2385"]
[PlyCount "30"]
[EventDate "1998.06.13"]
[Source "ChessBase"]
[SourceDate "1999.11.18"]

1. e4 c5 2. Nf3 e6 3. d4 cxd4 4. Nxd4 a6 5. Bd3 Nf6 6. O-O Qc7 7. Qe2 d6 8. c4
g6 9. Nc3 Bg7 10. Nf3 Nbd7 11. Bf4 Nh5 12. Be3 O-O 13. Qd2 Re8 14. Rfd1 Bf8 15.
Be2 b6 1/2-1/2

[Event "Bozen op"]
[Site "Bozen"]
[Date "1998.06.14"]
[Round "2"]
[White "Zaja, Ivan"]
[Black "Farago, Ivan"]
[Result "1/2-1/2"]
[WhiteElo "2450"]
[BlackElo "2475"]
[PlyCount "21"]
[EventDate "1998.06.13"]
[Source "ChessBase"]
[SourceDate "1999.11.18"]

1. d4 Nf6 2. c4 e6 3. Nc3 Bb4 4. e3 O-O 5. Nge2 d5 6. a3 Be7 7. Nf4 c6 8. Bd3
dxc4 9. Bxc4 Nbd7 10. Nd3 c5 11. dxc5 1/2-1/2

[Event "Bozen op"]
[Site "Bozen"]
[Date "1998.06.14"]
[Round "2"]
[White "Zlochevskij, Alexander"]
[Black "Komarov, Dimitri"]
[Result "1/2-1/2"]
[WhiteElo "2435"]
[BlackElo "2580"]
[PlyCount "22"]
[EventDate "1998.06.13"]
[Source "ChessBase"]
[SourceDate "1999.11.18"]

1. c4 e6 2. d4 Nf6 3. Nf3 d5 4. Nc3 Be7 5. cxd5 exd5 6. Bg5 c6 7. e3 Bf5 8. Bd3
Bxd3 9. Qxd3 O-O 10. Bxf6 Bxf6 11. O-O Nd7 1/2-1/2

[Event "Bozen op"]
[Site "Bozen"]
[Date "1998.06.14"]
[Round "3"]
[White "Borgo, Giulio"]
[Black "Skembris, Spyridon"]
[Result "1/2-1/2"]
[WhiteElo "2490"]
[BlackElo "2430"]
[PlyCount "45"]
[EventDate "1998.06.13"]
[Source "ChessBase"]
[SourceDate "1999.11.18"]

1. e4 e5 2. Nf3 Nc6 3. d4 exd4 4. Nxd4 Qf6 5. Nxc6 Bc5 6. Qd2 bxc6 7. Bd3 Ne7
8. O-O O-O 9. Nc3 Ng6 10. Kh1 Bd4 11. f4 Bxc3 12. bxc3 d6 13. e5 dxe5 14. fxe5
Qxe5 15. Ba3 Rd8 16. Rae1 Qd5 17. c4 Qd4 18. Qb4 Be6 19. Bb2 c5 20. Qa3 Qd6 21.
Qc3 Qd4 22. Qa3 Qd6 23. Qc3 1/2-1/2

[Event "Bozen op"]
[Site "Bozen"]
[Date "1998.06.14"]
[Round "3"]
[White "Crea, Vincenzo"]
[Black "Rossi, Carlo"]
[Result "0-1"]
[WhiteElo "2120"]
[BlackElo "2330"]
[PlyCount "34"]
[EventDate "1998.06.13"]
[Source "ChessBase"]
[SourceDate "1999.11.18"]

1. d4 d6 2. Bf4 c5 3. c3 cxd4 4. cxd4 Qb6 5. Qd2 Nc6 6. d5 Ne5 7. e4 Nf6 8. Nc3
Bd7 9. Be3 Qd8 10. f4 Neg4 11. Bd4 e5 12. fxe5 dxe5 13. Bf2 Nxf2 14. Qxf2 Ng4
15. Qd2 Bc5 16. Nd1 Qb6 17. a3 Bxg1 0-1

[Event "Bozen op"]
[Site "Bozen"]
[Date "1998.06.14"]
[Round "3"]
[White "Farago, Ivan"]
[Black "Jurkovic, Ante"]
[Result "1-0"]
[WhiteElo "2475"]
[BlackElo "2320"]
[PlyCount "71"]
[EventDate "1998.06.13"]
[Source "ChessBase"]
[SourceDate "1999.11.18"]

1. d4 Nf6 2. c4 g6 3. Nc3 Bg7 4. e4 d6 5. Be2 O-O 6. Bg5 c6 7. Qd2 e5 8. Nf3
Bg4 9. d5 cxd5 10. cxd5 Nbd7 11. h3 Bxf3 12. Bxf3 Qa5 13. O-O Rfc8 14. Rfc1 a6
15. Rab1 Qd8 16. a4 Rc4 17. b3 Rd4 18. Qe2 Rc8 19. Be3 Rb4 20. Na2 Rxc1+ 21.
Bxc1 Rb6 22. Bd2 Nc5 23. Qc4 Qd7 24. Ba5 Nxa4 25. Rc1 Qb5 26. Bxb6 Nxb6 27.
Qxb5 axb5 28. Rc7 Nbd7 29. Rxb7 Nc5 30. Rxb5 Ncxe4 31. Rb8+ Bf8 32. Bxe4 Nxe4
33. b4 Kg7 34. b5 Nc5 35. b6 Be7 36. Rc8 1-0

[Event "Bozen op"]
[Site "Bozen"]
[Date "1998.06.14"]
[Round "3"]
[White "Hillarp Persson, Tiger"]
[Black "Zaja, Ivan"]
[Result "1-0"]
[WhiteElo "2410"]
[BlackElo "2450"]
[PlyCount "86"]
[EventDate "1998.06.13"]
[Source "ChessBase"]
[SourceDate "1999.11.18"]

1. d4 Nf6 2. c4 e6 3. Nc3 Bb4 4. Qc2 O-O 5. a3 Bxc3+ 6. Qxc3 Ne4 7. Qc2 f5 8.
Nh3 d6 9. f3 Nf6 10. e3 e5 11. dxe5 dxe5 12. Bd2 c5 13. O-O-O Qe7 14. Bc3 Nc6
15. Be2 a5 16. Kb1 Be6 17. Ng5 Ng4 18. fxg4 Qxg5 19. gxf5 Bxf5 20. Bd3 h6 21.
Bxf5 Rxf5 22. Qe4 Rf2 23. g4 Re2 24. Rde1 Rxe1+ 25. Rxe1 Rd8 26. Kc2 Qh4 27.
Re2 h5 28. Rg2 hxg4 29. Kb3 Rd6 30. Qxg4 Qe7 31. Rd2 Rxd2 32. Bxd2 Qd6 33. Bc3
Qd3 34. Ka4 Qxe3 35. Qc8+ Kh7 36. Qxb7 Nd4 37. Kxa5 Qd3 38. Qd5 e4 39. Kb6 e3
40. Kxc5 Nb3+ 41. Kb5 Nc1 42. Qxd3+ Nxd3 43. Kb6 e2 1-0

[Event "Bozen op"]
[Site "Bozen"]
[Date "1998.06.14"]
[Round "3"]
[White "Komarov, Dimitri"]
[Black "Horvath, Tamas"]
[Result "1-0"]
[WhiteElo "2580"]
[BlackElo "2385"]
[PlyCount "83"]
[EventDate "1998.06.13"]
[Source "ChessBase"]
[SourceDate "1999.11.18"]

1. d4 Nf6 2. Nf3 e6 3. g3 c5 4. Bg2 a6 5. O-O cxd4 6. Nxd4 e5 7. Nb3 Nc6 8. Bg5
Be7 9. Nc3 O-O 10. Qd2 Ne8 11. Be3 Nf6 12. Rfd1 d6 13. Bg5 Ne8 14. Bxe7 Nxe7
15. Ne4 Nf5 16. c4 Qe7 17. Rac1 Rb8 18. Na5 Be6 19. b4 Nd4 20. e3 b6 21. exd4
bxa5 22. bxa5 f5 23. Ng5 Bc8 24. dxe5 dxe5 25. Qd5+ Kh8 26. Qd8 Qf6 27. c5 e4
28. c6 h6 29. Nh3 g5 30. c7 Ra8 31. f3 Qe5 32. fxe4 f4 33. Qd4 Qxd4+ 34. Rxd4
f3 35. Bf1 Kg7 36. Rd8 Kf7 37. Nf2 Ke7 38. Bxa6 Nd6 39. Rxf8 Kxf8 40. Bxc8 Rxc8
41. e5 Ne8 42. Ne4 1-0

[Event "Bozen op"]
[Site "Bozen"]
[Date "1998.06.14"]
[Round "3"]
[White "Mitkov, Nikola"]
[Black "Ruzzier, Dario"]
[Result "1-0"]
[WhiteElo "2500"]
[BlackElo "2095"]
[PlyCount "128"]
[EventDate "1998.06.13"]
[Source "ChessBase"]
[SourceDate "1999.11.18"]

1. e4 e5 2. Bc4 Nf6 3. d3 Nc6 4. Nc3 Bc5 5. f4 exf4 6. Bxf4 d6 7. Nf3 O-O 8.
Na4 Na5 9. Bb3 Nxb3 10. axb3 Re8 11. Nxc5 dxc5 12. O-O Bg4 13. Kh1 Nh5 14. Be3
f5 15. Bxc5 fxe4 16. dxe4 Qxd1 17. Rfxd1 b6 18. Bg1 Rxe4 19. Rd3 Nf4 20. Rc3 c5
21. h3 Bh5 22. Bh2 Nd5 23. Rd3 Nb4 24. Rd2 Nc6 25. Rd6 Nb4 26. c3 Nc2 27. Rad1
Rf8 28. Rd8 Re2 29. Rxf8+ Kxf8 30. Ng1 Rf2 31. Rd8+ Be8 32. Bd6+ Kf7 33. Bg3
Rf1 34. Ra8 Bc6 35. Rxa7+ Kg6 36. Re7 Kf6 37. Re2 Na1 38. b4 Nb3 39. bxc5 Nxc5
40. Rf2+ Rxf2 41. Bxf2 Nd3 42. Bxb6 Nxb2 43. Bd4+ Kf7 44. Kh2 Nd3 45. Nf3 h6
46. h4 g6 47. Be3 Kg7 48. c4 Kh7 49. Kg3 Kg7 50. Bb6 Bb7 51. c5 Kf7 52. Nd4 Ne5
53. Kf4 Nd3+ 54. Kg3 Ne5 55. Bc7 Nc6 56. Ne2 Ne7 57. Kh3 Bc8+ 58. Kh2 g5 59.
hxg5 hxg5 60. Bd8 g4 61. Bxe7 Kxe7 62. Nd4 Kf6 63. Kg3 Ke5 64. Nc6+ Ke6 1-0

[Event "Bozen op"]
[Site "Bozen"]
[Date "1998.06.14"]
[Round "3"]
[White "Mrdja, Milan"]
[Black "Lugovoi, Aleksei"]
[Result "1/2-1/2"]
[WhiteElo "2380"]
[BlackElo "2540"]
[PlyCount "56"]
[EventDate "1998.06.13"]
[Source "ChessBase"]
[SourceDate "1999.11.18"]

1. e4 c5 2. Nf3 d6 3. d4 cxd4 4. Nxd4 Nf6 5. Nc3 Nc6 6. Bg5 e6 7. Qd2 Be7 8.
O-O-O Nxd4 9. Qxd4 a6 10. f4 b5 11. Bxf6 gxf6 12. e5 d5 13. Kb1 Bd7 14. Qe3 f5
15. Qh3 h5 16. Ne2 Qb6 17. Nd4 O-O-O 18. Qd3 Kb7 19. Be2 Ka7 20. g3 Rc8 21.
Rhf1 Bc5 22. Nb3 Be7 23. c3 Rc7 24. a3 a5 25. Rc1 Rc4 26. Nd2 Rc7 27. b4 f6 28.
Nf3 Rc4 1/2-1/2

[Event "Bozen op"]
[Site "Bozen"]
[Date "1998.06.14"]
[Round "3"]
[White "Timoshchenko, Gennadi A"]
[Black "Zlochevskij, Alexander"]
[Result "1-0"]
[WhiteElo "2520"]
[BlackElo "2435"]
[PlyCount "71"]
[EventDate "1998.06.13"]
[Source "ChessBase"]
[SourceDate "1999.11.18"]

1. d4 e6 2. c4 Bb4+ 3. Bd2 Bxd2+ 4. Qxd2 d6 5. Nf3 Nf6 6. Nc3 Qe7 7. g3 O-O 8.
Bg2 Re8 9. O-O e5 10. e4 Bg4 11. Ne1 exd4 12. Qxd4 Nc6 13. Qd2 Qd7 14. f3 Bh3
15. Nc2 Bxg2 16. Kxg2 Ne5 17. Ne3 Rad8 18. Rad1 h6 19. b3 Ng6 20. Qd4 a6 21.
Nf5 Kh7 22. Nd5 Re6 23. c5 Ne8 24. cxd6 cxd6 25. Rc1 Ne5 26. Nf4 Nc6 27. Qb2
Re5 28. Rfd1 Qc7 29. Nd5 Qb8 30. Rd2 Qa7 31. Rcd1 Re6 32. Nc7 Rf6 33. Nxe8 Rxe8
34. Rxd6 Rfe6 35. Rxe6 fxe6 36. Rd7 1-0